| 000 | 00496nam a2200181Ia 4500 | ||
|---|---|---|---|
| 005 | 20250923144355.0 | ||
| 008 | 008 250917s9999 xx 000 0 eng d | ||
| 037 | _aTextual | ||
| 040 |
_aDSWL _beng _cDSWL |
||
| 041 |
_aeng _2eng |
||
| 084 |
_aY:7:7, N50 _qDSWL |
||
| 100 |
_aOxnam, G.B _9824230 |
||
| 245 | 0 |
_aPersonalities in social reform _cby G.B Oxnam |
|
| 260 |
_aNew York _c1950 |
||
| 300 | _a176 p. | ||
| 942 |
_cTEXL _hY:7:7, N50 |
||
| 999 |
_c1438041 _d1438041 |
||